The design of learning spaces (Record no. 39732)
[ view plain ]
| 000 -LEADER | |
|---|---|
| fixed length control field | 00828nam a2200229 a 4500 |
| 001 - CONTROL NUMBER | |
| control field | 16092826 |
| 008 - FIXED-LENGTH DATA ELEMENTS--GENERAL INFORMATION | |
| fixed length control field | 120628s2010 ||||||||||||||||| || u |
| 010 ## - LIBRARY OF CONGRESS CONTROL NUMBER | |
| LC control number | 2010006227 |
| 020 ## - INTERNATIONAL STANDARD BOOK NUMBER | |
| International Standard Book Number | 9781855397743 (pbk.) |
| 020 ## - INTERNATIONAL STANDARD BOOK NUMBER | |
| International Standard Book Number | 1855397749 (pbk.) |
| 050 ## - LIBRARY OF CONGRESS CALL NUMBER | |
| Classification number | LB 3218.A1 Woo |
| 100 ## - MAIN ENTRY--PERSONAL NAME | |
| Personal name | Woolner, Pamela |
| 245 14 - TITLE STATEMENT | |
| Title | The design of learning spaces |
| Statement of responsibility, etc. | by Pamela Woolner |
| 260 ## - PUBLICATION, DISTRIBUTION, ETC. | |
| Place of publication, distribution, etc. | New York: |
| Name of publisher, distributor, etc. | Continuum International Pub. Group |
| Date of publication, distribution, etc. | 2010 |
| 300 ## - PHYSICAL DESCRIPTION | |
| Extent | 124p.: ill. |
| 350 ## - PRICE (NR) (BK AM CF MU VM SE) [OBSOLETE] | |
| Price | 0.00 |
| 490 ## - SERIES STATEMENT | |
| Series statement | Future schools |
| 500 ## - GENERAL NOTE | |
| General note | Includes bibliography |
| 650 #0 - SUBJECT ADDED ENTRY--TOPICAL TERM | |
| Topical term or geographic name entry element | SCHOOL FACILITIES--UNITED STATES--PLANNING |
| 650 #0 - SUBJECT ADDED ENTRY--TOPICAL TERM | |
| Topical term or geographic name entry element | SCHOOL FACILITIES--UNITED STATES--FINANCE |
| 995 ## - RECOMMENDATION 995 [LOCAL, UNIMARC FRANCE] | |
| -- | CBU-MAIN LIBRARY (Kitwe) |
| -- | 0.00 |
| -- | 1 |
| -- | AVAILABLE |
| -- | Jun 28, 2012 |
| -- | Annex Low-Usage Collection |
| Withdrawn status | Lost status | Source of classification or shelving scheme | Damaged status | Not for loan | Home library | Current library | Shelving location | Date acquired | Total Checkouts | Full call number | Barcode | Date last seen | Price effective from | Koha item type |
|---|---|---|---|---|---|---|---|---|---|---|---|---|---|---|
| CBU-MAIN LIBRARY, KITWE. | CBU-MAIN LIBRARY, KITWE. | 11/30/2022 | LB 3218.A1 Woo | 743003 | 11/30/2022 | 11/30/2022 | MONOGRAPH |